00772nam a22001937a 4500003000900000008004100009020001800050040007100068082002300139100002500162245008100187260008200268300002900350505006600379650002400445650003500469650003400504700004000538AR-CdUCM190325b ||||| |||| 00| 0 spa d a9786124188770 aMUNICIPALIDAD PROVINCIAL DEL CUSCOcBIBLIOTECA MUNICIPAL DEL CUSCO a398.20985 / bP34P aPease G.Y., Franklin aEl pensamiento mítico : bantología /cFranklin Pease García-Yrigoyen aPuno : bUniversidad Nacional del Altiplano : b[Altiplano E.I.R.L.], c2015. a235 páginas ; c21 cm. aContenido: Estudios americanos -- El pensamiento mítico ... aMitología peruana aReligión indígena - Perú aReligión aborigen - Peerú aMould de Pease, Mariana (Epílogo)